Vzaimodejstvije naučno-techničeskogo i social'nogo progressa Sbornik naučnych trudov

Na minha lista:
Detalhes bibliográficos
Formato: Livro
Idioma:russo
Publicado em: Novosibirsk Nauka 1989
Edição:1. izd.
Tags: Adicionar Tag
Sem tags, seja o primeiro a adicionar uma tag!

MARC

LEADER 00000nam a2200000 4500
001 c033277
005 20250516120508.9
041 0 |a rus 
044 |a RU 
245 1 0 |a Vzaimodejstvije naučno-techničeskogo i social'nogo progressa  |b Sbornik naučnych trudov  |c Zodp. red. V.I. Bojko 
250 |a 1. izd. 
264 1 |a Novosibirsk  |b Nauka  |c 1989 
300 |a 269 s.